[Event "Aktobe Dvorkovich op-B"]
[Site "Aktobe"]
[Date "2025.06.23"]
[Round "2"]
[White "Kazakov, Konstantin"]
[Black "Baturin Vinogradov, Miroslav"]
[Result "1-0"]
[WhiteElo "2306"]
[BlackElo "2046"]
[PlyCount "81"]
[EventDate "2025.06.22"]
[EventType "swiss"]
[EventRounds "9"]
[EventCountry "KAZ"]
[SourceTitle "CB27_2025"]
[SourceDate "2025.07.02"]
[SourceVersion "1"]
[SourceVersionDate "2025.07.02"]
[SourceQuality "1"]

1. e4 e5 2. Nf3 Nc6 3. g3 Nf6 4. d3 d5 5. exd5 Nxd5 6. Bg2 Be7 7. 0-0 0-0 8. Re1 Bf6 9. Nbd2 g6 10. c3 Re8 11. a4 Bg7 12. a5 a6 13. Ne4 h6 14. Qb3 Nf6 15. Nxf6+ Qxf6 16. d4 Rb8 17. d5 e4 18. Bf4 Bf5 19. Nd2 Ne5 20. Nxe4 Bxe4 21. Rxe4 g5 22. Be3 Nf3+ 23. Bxf3 Qxf3 24. Rxe8+ Rxe8 25. Re1 h5 26. Qd1 Qf5 27. Qxh5 Qxd5 28. Rd1 Qxa5 29. Qxg5 Qxg5 30. Bxg5 Re5 31. Be3 Rb5 32. Rd2 c6 33. Kf1 a5 34. h4 a4 35. g4 a3 36. Rd8+ Kh7 37. bxa3 Bxc3 38. h5 Bf6 39. Rd7 Kg7 40. a4 Rb4 41. g5 1-0

[Event "Aktobe Dvorkovich op-B"]
[Site "Aktobe"]
[Date "2025.06.22"]
[Round "1"]
[White "Litvinov, Anton"]
[Black "Kazakov, Konstantin"]
[Result "0-1"]
[WhiteElo "1989"]
[BlackElo "2306"]
[PlyCount "64"]
[EventDate "2025.06.22"]
[EventType "swiss"]
[EventRounds "9"]
[EventCountry "KAZ"]
[SourceTitle "CB27_2025"]
[SourceDate "2025.07.02"]
[SourceVersion "1"]
[SourceVersionDate "2025.07.02"]
[SourceQuality "1"]

1. e4 e6 2. d4 d5 3. Nc3 Nf6 4. e5 Nfd7 5. Nce2 c5 6. c3 Nc6 7. Nf3 Qa5 8. a3 f6 9. Nf4 Nxd4 10. Nxd4 cxd4 11. Qh5+ Ke7 12. Ng6+ hxg6 13. exf6+ Nxf6 14. Qxh8 dxc3 15. b4 Qc7 16. Be3 Kf7 17. Bd3 e5 18. 0-0 Bf5 19. Bxf5 gxf5 20. Bg5 Ne4 21. Qh7 Qd7 22. f4 Re8 23. g4 Nxg5 24. fxg5 f4 25. Qh5+ g6 26. Qh3 d4 27. Rad1 Rc8 28. Qf3 Bg7 29. h3 c2 30. Rc1 d3 31. Qe4 d2 32. Rxc2 d1Q 0-1

[Event "FIDE World Bl Team Pool A"]
[Site "Almaty"]
[Date "2024.08.05"]
[Round "3.19"]
[White "Kazakov, Konstantin"]
[Black "Gurel, Ediz"]
[Result "0-1"]
[WhiteElo "2333"]
[BlackElo "2602"]
[PlyCount "52"]
[EventDate "2024.08.05"]
[EventType "team (blitz)"]
[EventRounds "7"]
[EventCountry "KAZ"]
[SourceTitle "CBM 221 Extra"]
[Source "ChessBase"]
[SourceDate "2024.09.30"]
[SourceVersion "1"]
[SourceVersionDate "2024.09.30"]
[SourceQuality "1"]
[WhiteTeam "Storm of Dragons"]
[BlackTeam "Rookies"]
[WhiteTeamCountry "KAZ"]

1. e4 c5 2. Nc3 e6 3. Nge2 Nc6 4. g3 Nf6 5. Bg2 d5 6. exd5 exd5 7. d4 cxd4 8. Nxd4 Bg4 9. Nce2 Bc5 10. h3 Bxd4 11. hxg4 Bxf2+ 12. Kxf2 Nxg4+ 13. Kf1 Qb6 14. Qe1 0-0 15. Rh4 Nce5 16. Nc3 Rfe8 17. Qd2 Nc4 18. Rxg4 Nxd2+ 19. Bxd2 Qxb2 20. Rc1 Rac8 21. Nxd5 Rxc2 22. Rxc2 Qxc2 23. Nf6+ Kh8 24. Nxe8 Qd1+ 25. Kf2 Qxd2+ 26. Kg1 Qd1+ 0-1

[Event "FIDE World Bl Team Pool A"]
[Site "Almaty"]
[Date "2024.08.05"]
[Round "5.7"]
[White "Kazakov, Konstantin"]
[Black "Tin, Jingyao"]
[Result "1-0"]
[WhiteElo "2333"]
[BlackElo "2575"]
[PlyCount "141"]
[EventDate "2024.08.05"]
[EventType "team (blitz)"]
[EventRounds "7"]
[EventCountry "KAZ"]
[SourceTitle "CBM 221 Extra"]
[Source "ChessBase"]
[SourceDate "2024.09.30"]
[SourceVersion "1"]
[SourceVersionDate "2024.09.30"]
[SourceQuality "1"]
[WhiteTeam "Storm of Dragons"]
[BlackTeam "Theme Int Trading"]
[WhiteTeamCountry "KAZ"]
[BlackTeamCountry "SIN"]

1. d4 d5 2. Nf3 Nf6 3. Bf4 e6 4. e3 Bd6 5. Ne5 0-0 6. Nd2 c5 7. c3 Qc7 8. Ndf3 Ne4 9. Be2 c4 10. Qc2 f6 11. Nxc4 Bxf4 12. exf4 Qxf4 13. Ne3 Nc6 14. 0-0 Bd7 15. g3 Qh6 16. Bd3 Nd6 17. Rae1 Rae8 18. Qb3 Kh8 19. Qa3 Ne4 20. Ng2 Qh5 21. Bxe4 dxe4 22. Nd2 f5 23. Nc4 e5 24. Qd6 Qf7 25. d5 Bc8 26. Nge3 f4 27. dxc6 bxc6 28. Nxe5 Qh5 29. N3c4 Bh3 30. Qd1 Rxe5 31. Nxe5 Qxe5 32. Qd4 Qxd4 33. cxd4 fxg3 34. hxg3 Re8 35. f3 Bxf1 36. Kxf1 e3 37. Ke2 h5 38. Rh1 g6 39. g4 Kg7 40. gxh5 g5 41. h6+ Kh7 42. b3 a5 43. Rc1 Kxh6 44. Rxc6+ Kh5 45. Rc3 Kh4 46. Rxe3 Rd8 47. Re4+ Kh5 48. Rg4 Kg6 49. Re4 Kf6 50. Ke3 Rc8 51. Kd3 Rc1 52. Re5 Rf1 53. Ke2 Rb1 54. Rxa5 Kg6 55. Ke3 Kf6 56. Rb5 Re1+ 57. Kd2 Rf1 58. Ke2 Rb1 59. a4 Kg6 60. a5 Ra1 61. b4 Kf6 62. Ke3 Re1+ 63. Kd3 Rf1 64. Ke2 Ra1 65. Rb6+ Kf5 66. a6 Kf4 67. Rf6+ Kg3 68. b5 Ra5 69. Rf5 Kh4 70. Kd3 Ra3+ 71. Kc4 1-0

[Event "FIDE World Bl Team Pool A"]
[Site "Almaty"]
[Date "2024.08.05"]
[Round "1.13"]
[White "Shonazarov, Orash"]
[Black "Kazakov, Konstantin"]
[Result "1/2-1/2"]
[WhiteElo "2277"]
[BlackElo "2333"]
[PlyCount "107"]
[EventDate "2024.08.05"]
[EventType "team (blitz)"]
[EventRounds "7"]
[EventCountry "KAZ"]
[SourceTitle "CBM 221 Extra"]
[Source "ChessBase"]
[SourceDate "2024.09.30"]
[SourceVersion "1"]
[SourceVersionDate "2024.09.30"]
[SourceQuality "1"]
[WhiteTeam "Chess Empire"]
[BlackTeam "Storm of Dragons"]
[WhiteTeamCountry "KAZ"]
[BlackTeamCountry "KAZ"]

1. e4 c5 2. Nf3 e6 3. d4 cxd4 4. Nxd4 Nf6 5. Nc3 Nc6 6. Ndb5 Bc5 7. Bf4 0-0 8. Bc7 Qe7 9. Bd6 Bxd6 10. Qxd6 Qd8 11. 0-0-0 a6 12. Nd4 Ne7 13. h4 Ne8 14. Qg3 b5 15. e5 Bb7 16. Bd3 f5 17. exf6 Nxf6 18. Rhe1 Qb8 19. Qxb8 Raxb8 20. f3 Rbc8 21. Ne4 Nxe4 22. Bxe4 Bxe4 23. Rxe4 Nd5 24. Nb3 Rc7 25. Rd2 g6 26. Kd1 Kg7 27. c3 Rf4 28. Rxf4 Nxf4 29. g3 Nd5 30. Ke2 Kf6 31. Rd4 d6 32. a4 Ke7 33. axb5 axb5 34. Re4 e5 35. f4 Kf6 36. fxe5+ dxe5 37. Nd2 h6 38. Kd3 Rd7 39. Kc2 Kf5 40. Re1 Nf6 41. c4 bxc4 42. Nxc4 e4 43. b4 Nd5 44. Ne3+ Nxe3+ 45. Rxe3 Ke5 46. b5 Kd4 47. Kd2 Rb7 48. Rb3 Kc4 49. Rb1 Rxb5 50. Rxb5 Kxb5 51. Ke3 Kc5 52. Kxe4 Kd6 53. h5 Ke6 54. hxg6 1/2-1/2

[Event "FIDE World Rapid Team"]
[Site "Almaty"]
[Date "2024.08.04"]
[Round "9.43"]
[White "Tologontegin, Semetey"]
[Black "Kazakov, Konstantin"]
[Result "0-1"]
[WhiteElo "2337"]
[BlackElo "2333"]
[PlyCount "101"]
[EventDate "2024.08.02"]
[EventType "team (rapid)"]
[EventRounds "12"]
[EventCountry "KAZ"]
[SourceTitle "CBM 221 Extra"]
[Source "ChessBase"]
[SourceDate "2024.09.30"]
[SourceVersion "1"]
[SourceVersionDate "2024.09.30"]
[SourceQuality "1"]
[WhiteTeam "Kyrgyz Chess Academy"]
[BlackTeam "Storm of Dragons"]
[WhiteTeamCountry "KGZ"]
[BlackTeamCountry "KAZ"]

1. d4 Nf6 2. c4 b6 3. Nf3 Bb7 4. g3 e6 5. Bg2 Be7 6. 0-0 0-0 7. Re1 Qc8 8. Nc3 Ne4 9. Bd2 d6 10. Rc1 Nd7 11. Nxe4 Bxe4 12. Ng5 Bxg2 13. Kxg2 c5 14. d5 exd5 15. cxd5 Re8 16. h4 h6 17. Nf3 Bf6 18. b3 Qc7 19. Bf4 Re7 20. e4 Rae8 21. Nd2 b5 22. f3 a6 23. Qc2 Qb6 24. Nf1 Bd4 25. g4 Nf6 26. Bd2 h5 27. g5 Nd7 28. Ng3 g6 29. Bf4 Ne5 30. Qd2 Nd7 31. Qc2 Be5 32. Be3 Bxg3 33. Kxg3 b4 34. a3 Ne5 35. Ra1 bxa3 36. Rxa3 Qb5 37. Rea1 Qd7 38. Qd1 c4 39. bxc4 Nxc4 40. Rc3 Qb5 41. Rb1 Nxe3 42. Rxe3 Qc5 43. Qc1 Qa7 44. Rc3 a5 45. Ra1 Rb8 46. Rca3 Rb5 47. Qc8+ Kh7 48. Qd8 Rb2 49. Rf1 Rc7 50. Qxd6 Rcc2 51. Rd3 0-1

[Event "FIDE World Rapid Team"]
[Site "Almaty"]
[Date "2024.08.03"]
[Round "7.37"]
[White "Kazakov, Konstantin"]
[Black "Utegaliev, Azamat"]
[Result "1/2-1/2"]
[WhiteElo "2333"]
[BlackElo "2418"]
[PlyCount "102"]
[EventDate "2024.08.02"]
[EventType "team (rapid)"]
[EventRounds "12"]
[EventCountry "KAZ"]
[SourceTitle "CBM 221 Extra"]
[Source "ChessBase"]
[SourceDate "2024.09.30"]
[SourceVersion "1"]
[SourceVersionDate "2024.09.30"]
[SourceQuality "1"]
[WhiteTeam "Storm of Dragons"]
[BlackTeam "Greco"]
[WhiteTeamCountry "KAZ"]
[BlackTeamCountry "KAZ"]

1. d4 d5 2. Bf4 Nf6 3. e3 Bf5 4. c4 e6 5. Nc3 dxc4 6. Bxc4 Bd6 7. Bg3 Nbd7 8. Nf3 0-0 9. Rc1 a6 10. 0-0 Bxg3 11. hxg3 c5 12. Be2 Rc8 13. Nh4 cxd4 14. Qxd4 Qb6 15. Nxf5 exf5 16. Qxb6 Nxb6 17. Bf3 Rc7 18. Ne2 Rfc8 19. Rxc7 Rxc7 20. Rd1 Nbd7 21. Rc1 Rxc1+ 22. Nxc1 b6 23. Nb3 Kf8 24. Kf1 Ke7 25. Be2 a5 26. Bb5 g6 27. Ke2 Kd6 28. Nd4 Ne5 29. Nf3 Ne4 30. Nxe5 Kxe5 31. Bc6 h5 32. Be8 Ke6 33. Ba4 Nc5 34. Bb5 Ne4 35. Bc4+ Ke7 36. Bd5 Nf6 37. Bb7 Ne4 38. Bd5 Nf6 39. Bc4 Ne4 40. a3 Nd6 41. Bd5 Ne4 42. Ba2 Ke8 43. Bc4 Ke7 44. Bd3 Ke6 45. Bc4+ Ke7 46. Bd5 Nf6 47. Bc6 Kd6 48. Ba4 Ne4 49. Bb3 Ke7 50. Bc2 Ke6 51. Bb3+ Ke5 1/2-1/2

[Event "FIDE World Rapid Team"]
[Site "Almaty"]
[Date "2024.08.02"]
[Round "3.25"]
[White "Kazakov, Konstantin"]
[Black "Makhnev, Denis"]
[Result "1/2-1/2"]
[WhiteElo "2333"]
[BlackElo "2551"]
[PlyCount "79"]
[EventDate "2024.08.02"]
[EventType "team (rapid)"]
[EventRounds "12"]
[EventCountry "KAZ"]
[SourceTitle "CBM 221 Extra"]
[Source "ChessBase"]
[SourceDate "2024.09.30"]
[SourceVersion "1"]
[SourceVersionDate "2024.09.30"]
[SourceQuality "1"]
[WhiteTeam "Storm of Dragons"]
[BlackTeam "Astana"]
[WhiteTeamCountry "KAZ"]
[BlackTeamCountry "KAZ"]

1. e4 e5 2. Nf3 Nc6 3. Nc3 Nf6 4. a3 d5 5. Bb5 d4 6. Ne2 Bd6 7. Ng3 0-0 8. 0-0 Ne7 9. d3 h6 10. Nh4 Be6 11. Nhf5 Nxf5 12. Nxf5 Bxf5 13. exf5 c6 14. Bc4 Re8 15. Qf3 a5 16. Re1 a4 17. Bd2 Bc7 18. g3 Ba5 19. Rad1 Qb6 20. Bxa5 Rxa5 21. Rb1 Rc5 22. b4 axb3 23. Bxb3 Qc7 24. Re2 b5 25. a4 bxa4 26. Bxa4 Nd5 27. Ree1 Nc3 28. Ra1 Nxa4 29. Rxa4 Qd7 30. Qe4 Rxc2 31. Rxd4 Qa7 32. Qe3 Qxd4 33. Qxd4 exd4 34. Rxe8+ Kh7 35. Rd8 c5 36. Rd5 Kg8 37. Rd8+ Kh7 38. h4 h5 39. Kg2 Rc3 40. Rd5 1/2-1/2

[Event "Astana Zhuldyzdary op-A"]
[Site "Astana"]
[Date "2023.07.16"]
[Round "8"]
[White "Faizrakhmanov, Ramil"]
[Black "Kazakov, Konstantin"]
[Result "1-0"]
[WhiteElo "2457"]
[BlackElo "2389"]
[PlyCount "69"]
[EventDate "2023.07.11"]
[EventType "swiss"]
[EventRounds "10"]
[EventCountry "KAZ"]
[SourceTitle "CBM 215 Extra"]
[Source "ChessBase"]
[SourceDate "2023.09.30"]
[SourceVersion "1"]
[SourceVersionDate "2023.09.30"]
[SourceQuality "1"]

1. d4 Nf6 2. c4 g6 3. Nc3 Bg7 4. e4 0-0 5. Bg5 c5 6. d5 d6 7. Qd2 e5 8. h3 Na6 9. a3 Bd7 10. g4 Nc7 11. b4 b6 12. Bd3 Qe8 13. Nge2 Kh8 14. Ng3 Ng8 15. Rb1 Bf6 16. Bxf6+ Nxf6 17. f4 exf4 18. Qxf4 Qe7 19. 0-0 Ng8 20. bxc5 bxc5 21. Rb7 Bc8 22. Rxc7 Qxc7 23. Nb5 Qe7 24. Nxd6 f6 25. e5 Rb8 26. e6 Rb3 27. Rf3 Ba6 28. g5 f5 29. Ndxf5 gxf5 30. Nh5 Bxc4 31. Qe5+ Nf6 32. gxf6 Rg8+ 33. Kh1 Qd6 34. Qxd6 Bxd3 35. Qe5 1-0

[Event "Asian Continental blitz op 20th"]
[Site "Almaty"]
[Date "2023.06.03"]
[Round "8"]
[White "Kazakov, Konstantin"]
[Black "Isanzhulov, Arystan"]
[Result "1/2-1/2"]
[WhiteElo "2380"]
[BlackElo "2341"]
[PlyCount "69"]
[EventDate "2023.06.03"]
[EventType "swiss (blitz)"]
[EventRounds "9"]
[EventCountry "KAZ"]
[SourceTitle "CBM 214 Extra"]
[Source "ChessBase"]
[SourceDate "2023.07.31"]
[SourceVersion "1"]
[SourceVersionDate "2023.07.31"]
[SourceQuality "1"]

1. d4 Nf6 2. Bf4 d5 3. Nf3 e6 4. e3 Bd6 5. Ne5 0-0 6. Nd2 c5 7. c3 Qc7 8. Bd3 Nbd7 9. Ndf3 b6 10. h4 Bb7 11. Nxd7 Nxd7 12. Bxd6 Qxd6 13. Bb5 Bc6 14. Bxc6 Qxc6 15. h5 e5 16. dxe5 Rae8 17. h6 g6 18. Qe2 Nxe5 19. Nxe5 Rxe5 20. 0-0-0 d4 21. Rh3 Qxg2 22. Rg3 Qd5 23. Kb1 Rd8 24. cxd4 cxd4 25. Qd3 dxe3 26. Rxe3 Qxd3+ 27. Rdxd3 Rxd3 28. Rxd3 Kf8 29. Rd7 Re7 30. Rd8+ Re8 31. Rd7 Re7 32. Rd8+ Re8 33. Rd7 Re7 34. Rd8+ Re8 35. Rd7 1/2-1/2

[Event "Asian Continental blitz op 20th"]
[Site "Almaty"]
[Date "2023.06.03"]
[Round "3"]
[White "Kazakov, Konstantin"]
[Black "Pranav, V."]
[Result "1/2-1/2"]
[WhiteElo "2380"]
[BlackElo "2597"]
[PlyCount "157"]
[EventDate "2023.06.03"]
[EventType "swiss (blitz)"]
[EventRounds "9"]
[EventCountry "KAZ"]
[SourceTitle "CBM 214 Extra"]
[Source "ChessBase"]
[SourceDate "2023.07.31"]
[SourceVersion "1"]
[SourceVersionDate "2023.07.31"]
[SourceQuality "1"]

1. d4 Nf6 2. Bf4 c5 3. e3 cxd4 4. exd4 d5 5. c3 g6 6. Nf3 Bg7 7. Nbd2 0-0 8. Bd3 a6 9. 0-0 Nc6 10. Re1 Bf5 11. Bf1 Rc8 12. a4 h6 13. h3 Re8 14. Ne5 Nxe5 15. Bxe5 Nd7 16. Bxg7 Kxg7 17. a5 Qc7 18. Nf3 Nf6 19. Ne5 Ne4 20. Bd3 f6 21. Nf3 Rcd8 22. Bf1 e5 23. Qb3 Be6 24. Rad1 Bf7 25. Qb4 Ng5 26. Nxg5 hxg5 27. dxe5 fxe5 28. Rd2 Qe7 29. Qb6 Rd6 30. Qe3 Qf6 31. Qc5 Rc6 32. Qb4 Rc7 33. Re3 e4 34. Rg3 Rce7 35. Qc5 Re5 36. Qd4 Rf5 37. Qe3 Re7 38. Be2 Rf4 39. Qd4 Qxd4 40. Rxd4 Kf6 41. Rb4 Be8 42. Bg4 Bc6 43. Re3 Kg7 44. Re2 Rf6 45. Rd2 Kf8 46. c4 dxc4 47. Rxc4 e3 48. fxe3 Rxe3 49. Rc5 Re1+ 50. Kh2 Kg7 51. Rxg5 Rff1 52. Rc5 Rh1+ 53. Kg3 Re3+ 54. Kf2 Re7 55. Re2 Rf7+ 56. Kg3 Rg1 57. Rcc2 Ra1 58. b4 Ra4 59. Rb2 Bb5 60. Re4 Bc6 61. Rf4 Ra3+ 62. Bf3 Re7 63. Kg4 Bd7+ 64. Kg3 Bc6 65. Kf2 Bb5 66. Rd4 Ra1 67. Rbd2 Rb1 68. h4 Kh6 69. Rg4 Be8 70. Re4 Rxe4 71. Bxe4 Rxb4 72. Ke3 Rb5 73. Rd8 Bc6 74. Bxc6 bxc6 75. Rd6 Rxa5 76. Rxc6 Ra3+ 77. Kf4 Ra4+ 78. Kg3 Ra3+ 79. Kg4 1/2-1/2

[Event "Wch Blitz"]
[Site "Almaty"]
[Date "2022.12.30"]
[Round "21"]
[White "Kazakov, Konstantin"]
[Black "Petrov, Nikita"]
[Result "1/2-1/2"]
[WhiteElo "2379"]
[BlackElo "2531"]
[PlyCount "80"]
[EventDate "2022.12.29"]
[EventType "swiss (blitz)"]
[EventRounds "21"]
[EventCountry "KAZ"]
[SourceTitle "CBM 212"]
[Source "ChessBase"]
[SourceDate "2023.02.28"]
[SourceVersion "1"]
[SourceVersionDate "2023.02.28"]
[SourceQuality "1"]

1. d4 Nf6 2. Nc3 d5 3. Bf4 Bf5 4. e3 e6 5. f3 Bb4 6. Bd3 0-0 7. Nge2 Nbd7 8. a3 Bxc3+ 9. bxc3 c5 10. 0-0 Bg6 11. Qb1 b6 12. a4 a5 13. Ng3 Re8 14. Bb5 Qe7 15. Qb2 Rec8 16. Rac1 h6 17. Rfe1 e5 18. dxe5 Nxe5 19. c4 Nxc4 20. Bxc4 dxc4 21. e4 Qe6 22. Rb1 Qc6 23. Qxb6 Qxa4 24. c3 Qc6 25. Qb2 a4 26. Qa3 Nd7 27. Nf1 f5 28. Rbd1 Nf8 29. Rd6 Qe8 30. Nd2 fxe4 31. Nxe4 Qf7 32. Bg3 Re8 33. Nxc5 Rxe1+ 34. Bxe1 Qe7 35. Rd1 Ne6 36. Bf2 Rc8 37. Re1 Rxc5 38. Rxe6 Qxe6 39. Qxc5 Bd3 40. h4 Kh7 1/2-1/2

[Event "Wch Blitz"]
[Site "Almaty"]
[Date "2022.12.30"]
[Round "19"]
[White "Petkov, Momchil"]
[Black "Kazakov, Konstantin"]
[Result "0-1"]
[WhiteElo "2411"]
[BlackElo "2379"]
[PlyCount "93"]
[EventDate "2022.12.29"]
[EventType "swiss (blitz)"]
[EventRounds "21"]
[EventCountry "KAZ"]
[SourceTitle "CBM 212"]
[Source "ChessBase"]
[SourceDate "2023.02.28"]
[SourceVersion "1"]
[SourceVersionDate "2023.02.28"]
[SourceQuality "1"]

1. d4 Nf6 2. Nf3 b6 3. g3 Bb7 4. Bg2 e6 5. 0-0 Be7 6. c4 0-0 7. Re1 Qc8 8. h4 Ne4 9. Qc2 f5 10. Nc3 d6 11. Rd1 a5 12. d5 Nxc3 13. Qxc3 e5 14. Ng5 Bxg5 15. hxg5 Nd7 16. Be3 Qe8 17. f4 Qe7 18. fxe5 Nxe5 19. Bf4 Rae8 20. e3 Nf7 21. e4 fxe4 22. Qe3 Bc8 23. Rd4 Bf5 24. Re1 h6 25. g4 hxg5 26. gxf5 gxf4 27. Qxf4 e3 28. Re4 Qf6 29. Re6 Qxb2 30. R1xe3 Ne5 31. Rg3 Rxe6 32. dxe6 Qb1+ 33. Kh2 Qxf5 34. Qxf5 Rxf5 35. e7 Kf7 36. Rxg7+ Ke8 37. Bd5 Rf6 38. Be4 Re6 39. Bd5 Rxe7 40. Rg8+ Kd7 41. Ra8 Nd3 42. a3 Re2+ 43. Kg3 Re3+ 44. Kh4 Nf4 45. Bf7 Re7 46. Bg8 Rg7 47. Rf8 0-1

[Event "Wch Blitz"]
[Site "Almaty"]
[Date "2022.12.29"]
[Round "10"]
[White "Kazakov, Konstantin"]
[Black "Amilal, Munkhdalai"]
[Result "0-1"]
[WhiteElo "2379"]
[BlackElo "2144"]
[PlyCount "117"]
[EventDate "2022.12.29"]
[EventType "swiss (blitz)"]
[EventRounds "21"]
[EventCountry "KAZ"]
[SourceTitle "CBM 212"]
[Source "ChessBase"]
[SourceDate "2023.02.28"]
[SourceVersion "1"]
[SourceVersionDate "2023.02.28"]
[SourceQuality "1"]

1. e4 c5 2. Nc3 e6 3. g3 Nc6 4. Bg2 g6 5. f4 Bg7 6. Nf3 d6 7. 0-0 Nge7 8. d3 0-0 9. Be3 Rb8 10. d4 cxd4 11. Nxd4 a6 12. Qd2 Qc7 13. a4 Bd7 14. Rae1 Na5 15. b3 e5 16. fxe5 dxe5 17. Nde2 Nac6 18. Bh6 Rfd8 19. Bxg7 Kxg7 20. Qg5 Be6 21. Kh1 Nd4 22. Qf6+ Kg8 23. Nxd4 Rxd4 24. Ne2 Rd2 25. c4 Rd3 26. Nc1 Rd2 27. Re2 Rbd8 28. Ref2 Nc6 29. Ne2 Qe7 30. Qxe7 Nxe7 31. Nc3 Rxf2 32. Rxf2 Rd3 33. Nd5 Nc6 34. b4 Bxd5 35. exd5 Nxb4 36. Kg1 Rd1+ 37. Rf1 Rxf1+ 38. Kxf1 b6 39. a5 bxa5 40. c5 Kf8 41. d6 a4 42. c6 Nxc6 43. Bxc6 a3 44. Bd5 f5 45. Ke2 e4 46. Ke3 Ke8 47. Be6 a5 48. h3 a4 49. g4 a2 50. Bxa2 Kd7 51. Bg8 a3 52. g5 Kxd6 53. Kd4 Kc6 54. h4 Kb5 55. Bf7 Kc6 56. Be6 Kd6 57. Bc4 Kc6 58. Bf7 Kd6 59. Bb3 0-1

[Event "Wch Blitz"]
[Site "Almaty"]
[Date "2022.12.29"]
[Round "6"]
[White "Kazakov, Konstantin"]
[Black "Dardha, Daniel"]
[Result "0-1"]
[WhiteElo "2379"]
[BlackElo "2528"]
[PlyCount "109"]
[EventDate "2022.12.29"]
[EventType "swiss (blitz)"]
[EventRounds "21"]
[EventCountry "KAZ"]
[SourceTitle "CBM 212"]
[Source "ChessBase"]
[SourceDate "2023.02.28"]
[SourceVersion "1"]
[SourceVersionDate "2023.02.28"]
[SourceQuality "1"]

1. d4 Nf6 2. Nf3 b6 3. Bf4 Bb7 4. e3 Nh5 5. Bg5 h6 6. Bh4 g5 7. Bg3 d6 8. Nbd2 e6 9. c3 Nd7 10. Qc2 Bg7 11. Bd3 Qe7 12. Be4 c6 13. Bd3 c5 14. 0-0-0 Nxg3 15. hxg3 0-0-0 16. Qa4 Kb8 17. Ba6 Ba8 18. Kb1 Nf6 19. Rhf1 Qc7 20. Bd3 Bc6 21. Bb5 Bb7 22. Ka1 Qc8 23. Bd3 a6 24. Qb3 Ka7 25. Qa3 Qc7 26. e4 d5 27. dxc5 dxe4 28. cxb6+ Qxb6 29. Ne5 Qc7 30. Nxf7 Qxf7 31. Qc5+ Kb8 32. Bc4 Qc7 33. Qb4 Ka7 34. Bxe6 Qb6 35. Qxb6+ Kxb6 36. Bb3 Ng4 37. Kb1 Rhf8 38. Nc4+ Kc7 39. Rxd8 Rxd8 40. Ne3 Nxe3 41. fxe3 Be5 42. g4 Bc8 43. Rf7+ Rd7 44. Rf5 Re7 45. Rf8 Bxg4 46. Bd5 Bd6 47. Rf6 h5 48. Rg6 Re5 49. c4 Bd7 50. Rg7 h4 51. Kc2 g4 52. Kc3 Rxd5 53. Rxd7+ Kxd7 54. cxd5 h3 55. Kd4 0-1

[Event "Wch Blitz"]
[Site "Almaty"]
[Date "2022.12.29"]
[Round "12"]
[White "Kazakov, Konstantin"]
[Black "Sapenov, Daniyal"]
[Result "0-1"]
[WhiteElo "2379"]
[BlackElo "2060"]
[PlyCount "124"]
[EventDate "2022.12.29"]
[EventType "swiss (blitz)"]
[EventRounds "21"]
[EventCountry "KAZ"]
[SourceTitle "CBM 212"]
[Source "ChessBase"]
[SourceDate "2023.02.28"]
[SourceVersion "1"]
[SourceVersionDate "2023.02.28"]
[SourceQuality "1"]

1. d4 Nf6 2. Nf3 e6 3. Bg5 h6 4. Bh4 c5 5. e3 Be7 6. c3 b6 7. Nbd2 0-0 8. Bd3 Ba6 9. Bxa6 Nxa6 10. 0-0 Qc8 11. Rc1 Qb7 12. Ne5 d6 13. Nec4 Rfd8 14. a4 Rac8 15. Qb3 Nb8 16. Rfe1 Nc6 17. dxc5 dxc5 18. e4 Ne8 19. Bxe7 Qxe7 20. Nf3 Nd6 21. Nxd6 Rxd6 22. Qb5 Qd7 23. h3 Rd8 24. Rc2 Ne7 25. Qxd7 R8xd7 26. Kf1 Ng6 27. g3 Kf8 28. Ke2 Ke7 29. h4 h5 30. Rd2 Rxd2+ 31. Nxd2 Ne5 32. Rb1 g6 33. f4 Ng4 34. Nc4 f6 35. Ra1 Kf7 36. Ra3 e5 37. Rb3 exf4 38. gxf4 g5 39. hxg5 fxg5 40. fxg5 h4 41. Kf3 h3 42. Kxg4 h2 43. Ne5+ Ke6 44. Nxd7 h1Q 45. Nxb6 Qd1+ 46. Kf4 Qxb3 47. Nd5 Qxb2 48. g6 Qg2 49. Nc7+ Kd7 50. Nd5 Qxg6 51. a5 Kd6 52. c4 Qh6+ 53. Kf5 Qh8 54. Nf6 Qh3+ 55. Kf4 Ke6 56. Nd5 Qh4+ 57. Ke3 Ke5 58. Nc3 Qh3+ 59. Kd2 Kd4 60. Ne2+ Kxc4 61. e5 Qd3+ 62. Ke1 Qe3 0-1

[Event "Wch Blitz"]
[Site "Almaty"]
[Date "2022.12.29"]
[Round "11"]
[White "Shishkov, Andrei"]
[Black "Kazakov, Konstantin"]
[Result "0-1"]
[WhiteElo "2230"]
[BlackElo "2379"]
[PlyCount "74"]
[EventDate "2022.12.29"]
[EventType "swiss (blitz)"]
[EventRounds "21"]
[EventCountry "KAZ"]
[SourceTitle "CBM 212"]
[Source "ChessBase"]
[SourceDate "2023.02.28"]
[SourceVersion "1"]
[SourceVersionDate "2023.02.28"]
[SourceQuality "1"]

1. d4 f5 2. g3 Nf6 3. Bg2 g6 4. Nh3 d6 5. b3 Bg7 6. Bb2 0-0 7. c4 Qe8 8. d5 a5 9. Nc3 Na6 10. Nf4 Bd7 11. 0-0 Nc5 12. a3 c6 13. Qc2 g5 14. Nd3 Nce4 15. Rad1 Qh5 16. f3 Nxc3 17. Qxc3 cxd5 18. cxd5 Rfc8 19. Qd4 Rc2 20. Ba1 Rxe2 21. Rfe1 Rxe1+ 22. Rxe1 Qf7 23. f4 g4 24. Bb2 Bb5 25. a4 Ba6 26. Nf2 Rc8 27. Qd2 h5 28. Nd1 h4 29. gxh4 Nh5 30. Bxg7 Qxg7 31. Qe3 Qf6 32. Qxe7 Qxe7 33. Rxe7 Rc1 34. Re1 Nxf4 35. Bf1 Bxf1 36. Rxf1 Nxd5 37. Kg2 Rxd1 0-1

[Event "Wch Rapid"]
[Site "Almaty"]
[Date "2022.12.28"]
[Round "11"]
[White "Kazakov, Konstantin"]
[Black "Utegaliev, Azamat"]
[Result "0-1"]
[WhiteElo "2311"]
[BlackElo "2415"]
[PlyCount "86"]
[EventDate "2022.12.26"]
[EventType "swiss (rapid)"]
[EventRounds "13"]
[EventCountry "KAZ"]
[SourceTitle "CBM 212"]
[Source "ChessBase"]
[SourceDate "2023.02.28"]
[SourceVersion "1"]
[SourceVersionDate "2023.02.28"]
[SourceQuality "1"]

1. e4 c5 2. Nc3 a6 3. g3 b5 4. Bg2 Bb7 5. Nge2 e6 6. 0-0 b4 7. Na4 Nf6 8. d3 d5 9. e5 Nfd7 10. c4 Nxe5 11. Nf4 Bd6 12. cxd5 exd5 13. Nxc5 Bxc5 14. d4 Bxd4 15. Qxd4 Nbc6 16. Qc5 Qe7 17. Qb6 Nc4 18. Nxd5 Nxb6 19. Nxe7 Kxe7 20. Be3 Nc4 21. Bc5+ Kf6 22. Rac1 N4a5 23. Bb6 Rhe8 24. Rfd1 Rad8 25. Bxd8+ Rxd8 26. Bxc6 Rxd1+ 27. Rxd1 Bxc6 28. b3 Nb7 29. f4 Ke6 30. Kf2 Bd5 31. Ke3 a5 32. Kd4 Kd6 33. Re1 Nd8 34. Re8 Nc6+ 35. Kd3 a4 36. Kc2 axb3+ 37. axb3 Nd4+ 38. Kb2 Nxb3 39. Rd8+ Kc5 40. Rc8+ Kd4 41. Rh8 Nc5 42. Rxh7 Na4+ 43. Kc1 b3 0-1